000 00306nam a22001337a 4500
008 170914b xxu||||| |||| 00| 0 eng d
020 _a9780131833661
041 _aeng
080 _25 ED
_a7
100 _a44
101 _aART
245 _aA HISTORY FAR EASTERN ART
_cLEE.SH.E
942 _2udc
_cBK
999 _c27672
_d27672